000 00641nam a2200229Ia 4500
005 20260320201840.0
008 008 262003s9999 xx 000 0 eng d
037 _aEBOOK
040 _aCRL
040 _beng
040 _cCRL
041 _2eng
041 _aeng
084 _qCRL
100 _aBakhshi
_91136107
245 0 _aExpert Data Modeling with Power BI: Enrich and optimize your data models to get the best out of Power BI for reporting and business needs
260 _bIEEE
856 _uhttps://ieeexplore.ieee.org/servlet/opac?bknumber=10251283
942 _cEBOOK
999 _c1723881
_d1723881